[Event "OHRA Masters' Trophy"]
[Site "Brussels BEL"]
[Date "1987.12.??"]
[Round "1"]
[White "Pein, Malcolm"]
[Black "Van Houtte, Thierry"]
[Result "1-0"]
[WhiteElo "2385"]
[BlackElo "2310"]
[EventDate "1987.12.20"]
[PlyCount "98"]

1.d4 d5 2.Nf3 Nf6 3.c4 c6 4.Nc3 dxc4 5.e4 b5 6.e5 Nd5 7.a4 e6 8.Ng5 h6 9.
Nge4 b4 10.Nb1 Ba6 11.Qg4 c3 12.bxc3 bxc3 13.Bxa6 Nxa6 14.O-O Nab4 15.Na3 
Rb8 16.Rb1 c2 17.Ra1 g6 18.Nc4 h5 19.Qf3 Rh7 20.Bg5 Qd7 21.Rac1 h4 22.Ne3 
Rh5 23.Nxd5 Nxd5 24.Rxc2 Be7 25.Bxe7 Kxe7 26.Qa3+ Ke8 27.Rfc1 Qe7 28.Nd6+ 
Kf8 29.Rxc6 Kg7 30.h3 Qg5 31.Qf3 Qf4 32.Qxf4 Nxf4 33.Kf1 Rb4 34.Rc7 Rxd4 
35.Rxf7+ Kh6 36.Rfc7 Rxa4 37.Nf7+ Kg7 38.Ng5+ Kh6 39.Nf7+ Kg7 40.Nd6+ Kh6 
41.R7c4 Rxc4 42.Rxc4 Nd3 43.f4 g5 44.f5 Nxe5 45.Re4 Nc6 46.Rxe6+ Kh7 47.f6
Nd4 48.Re7+ Kg6 49.f7 1-0

[Event "OHRA Masters' Trophy"]
[Site "Brussels BEL"]
[Date "1987.12.??"]
[Round "3"]
[White "Jadoul, Michel"]
[Black "Van Houtte, Thierry"]
[Result "1-0"]
[WhiteElo "2340"]
[BlackElo "2310"]
[EventDate "1987.12.20"]
[PlyCount "88"]

1.Nf3 d5 2.g3 c6 3.Bg2 Bg4 4.b3 Nd7 5.Bb2 Ngf6 6.O-O e6 7.d3 Bd6 8.Nbd2 
O-O 9.h3 Bh5 10.e4 e5 11.Qe1 Re8 12.Nh4 Bg6 13.Nxg6 hxg6 14.Qe2 Qc7 15.
exd5 cxd5 16.c4 dxc4 17.Nxc4 Bc5 18.Rac1 Rac8 19.Rfe1 Qb8 20.a3 Bd4 21.b4 
b6 22.Qd2 a6 23.Bxd4 exd4 24.Rxe8+ Rxe8 25.Qb2 b5 26.Na5 Ne5 27.Nc6 Qd6 
28.Qxd4 Qxd4 29.Nxd4 Nxd3 30.Rc6 Ne4 31.Rxa6 Nexf2 32.Ra8 Nxh3+ 33.Kf1 
Rxa8 34.Bxa8 Kf8 35.Nxb5 Ke7 36.Nd4 Kd6 37.Ke2 Ne5 38.a4 f5 39.a5 f4 40.
Bg2 Ng1+ 41.Kf2 f3 42.Bf1 Kd5 43.a6 Nd7 44.a7 Nb6 1-0

[Event "OHRA Masters' Trophy"]
[Site "Brussels BEL"]
[Date "1987.12.??"]
[Round "5"]
[White "Polaczek, Richard"]
[Black "Van Houtte, Thierry"]
[Result "1/2-1/2"]
[WhiteElo "2305"]
[BlackElo "2310"]
[EventDate "1987.12.20"]
[PlyCount "42"]

1.d4 Nf6 2.c4 c5 3.Nf3 cxd4 4.Nxd4 e5 5.Nb5 d5 6.cxd5 Bc5 7.e3 O-O 8.Be2 
Nxd5 9.O-O a6 10.N5c3 Nxc3 11.Nxc3 Nc6 12.Qb3 Na5 13.Qc2 Be6 14.Rd1 Qh4 
15.Bd2 Rac8 16.Qa4 Qb4 17.b3 Nc6 18.Bf3 f5 19.Qxb4 Bxb4 20.Bd5 Kf7 21.
Bxe6+ Kxe6 1/2-1/2

[Event "OHRA Masters' Trophy"]
[Site "Brussels BEL"]
[Date "1987.12.??"]
[Round "7"]
[White "Penson, Thierry"]
[Black "Van Houtte, Thierry"]
[Result "1/2-1/2"]
[WhiteElo "2265"]
[BlackElo "2310"]
[EventDate "1987.12.20"]
[PlyCount "72"]

1.e4 Nf6 2.e5 Nd5 3.Nc3 Nxc3 4.dxc3 d6 5.Bc4 Nc6 6.Nf3 dxe5 7.Qxd8+ Nxd8 
8.Nxe5 f6 9.Nd3 e5 10.Be3 Be6 11.Bb3 Bd6 12.O-O g5 13.f3 Bxb3 14.axb3 a6 
15.c4 Ne6 16.b4 Kf7 17.Ra2 c6 18.b3 Rad8 19.Bb6 Bc7 20.Bxc7 Nxc7 21.Nc5 
Rb8 22.Rd1 Rhe8 23.c3 Ne6 24.Ne4 Red8 25.Nd6+ Kf8 26.Rad2 Rd7 27.Kf2 Rbd8 
28.Ke1 Ke7 29.c5 Nf4 30.c4 Ne6 31.Nf5+ Ke8 32.Rd6 Rxd6 33.Nxd6+ Ke7 34.
Nxb7 Rxd1+ 35.Kxd1 Nd4 36.Na5 1/2-1/2

[Event "OHRA Masters' Trophy"]
[Site "Brussels BEL"]
[Date "1987.12.??"]
[Round "8"]
[White "Van Houtte, Thierry"]
[Black "Polgar, Zsofia"]
[Result "1/2-1/2"]
[WhiteElo "2310"]
[BlackElo "2315"]
[EventDate "1987.12.20"]
[PlyCount "83"]

1.e4 c5 2.Nf3 e6 3.c3 Nf6 4.e5 Nd5 5.d4 cxd4 6.cxd4 d6 7.a3 Nc6 8.Bd3 dxe5
9.dxe5 Be7 10.O-O O-O 11.Qc2 h6 12.Qe2 Qe8 13.Bd2 f5 14.exf6 Nxf6 15.Nc3 
Kh8 16.Nh4 Kg8 17.Ng6 Rf7 18.Be3 Bd6 19.Rad1 Nd5 20.Ne4 Bc7 21.Ng3 Rf6 22.
Qh5 Nde7 23.Nxe7+ Qxe7 24.Ne4 Rf5 25.Qh3 e5 26.Qg3 Kh8 27.Bc5 Qf7 28.Nd6 
Bxd6 29.Bxd6 Rg5 30.Qe3 Nd4 31.Be4 Bg4 32.f3 Bh3 33.f4 Rxg2+ 34.Bxg2 Bxg2 
35.fxe5 Bxf1 36.Rxf1 Qg6+ 37.Kh1 Ne6 38.Qf3 Qc2 39.Qxb7 Rc8 40.Qg2 Qd3 41.
Qf3 Qd2 42.Qg2 1/2-1/2